|
|
|
|
| LEADER |
01285nam a22002772a 4500 |
| 001 |
000753788 |
| 003 |
CZ BrMZK |
| 005 |
20090220074453.0 |
| 007 |
ta |
| 008 |
041206s1981 xr er|||||||||||cze d |
| 040 |
|
|
|a BOA001
|b cze
|
| 080 |
9 |
|
|a 329.15(437)(093)
|
| 245 |
0 |
0 |
|a 60. výročí založení KSČ :
|b soubor archivních dokumnetů /
|c [z archivních dokumentů a sbírek jihočeských archivů a Jihočeského muzea sestavil a průvodní slovo napsal Lubomír Malík]
|
| 246 |
3 |
|
|a Šedesáté výročí založení KSČ
|
| 246 |
3 |
3 |
|a 60. výročí založení Komunistické strany Československa
|
| 250 |
|
|
|a 1. vyd.
|
| 260 |
|
|
|a České Budějovice :
|b Jihočeské nakladatelství ;
|c 1981
|
| 300 |
|
|
|a 1 sv. (na volných listech)
|
| 700 |
1 |
|
|a Malík, Lubomír,
|d 1921-
|7 xx0007075
|4 com
|
| 710 |
2 |
|
|a Státní oblastní archiv v Třeboni
|7 olak2002112326
|
| 910 |
|
|
|a BOA001
|b PK-N-0021.026
|b 4-0832.580
|
| 964 |
|
|
|a KSČ - výročí 60. - dokumenty
|
| 990 |
|
|
|a BK
|
| 996 |
6 |
|
|b BC-180239
|c PK-N-0021.026
|l MZK
|r Sklad / do 1 hodiny
|n 0
|w 000753788
|u 000010
|a 1
|e BOA001
|j MZK50
|s P
|
| 996 |
6 |
|
|b BC-677688
|c 4-0832.580
|l MZK
|r Sklad / do 1 hodiny
|n 0
|w 000753788
|u 000020
|a 1
|e BOA001
|j MZK50
|s P
|
| 996 |
6 |
|
|b BC-677689
|c 4-0832.580
|l MZK
|r Sklad / do 1 hodiny
|n 0
|w 000753788
|u 000030
|a 1
|e BOA001
|j MZK50
|s P
|